Países modernos del Imperio español en un mapa - Estadísticas

Estadísticas generales
  • Esta prueba ha sido intentada 3.039 veces
  • La puntuación promedio es 30 de 34
Respuestas en el mapa
Las respuestas están codificadas por una escala verde-roja en el mapa de la prueba según el % correcto abajo.
 
Estadísticas de respuestas
País % Correcto
Argentina
99%
Chile
99%
Colombia
99%
España
99%
Estados Unidos
99%
México
99%
Perú
99%
Venezuela
99%
Bolivia
98%
Cuba
98%
Ecuador
98%
Paraguay
98%
Uruguay
98%
Brasil
97%
Marruecos
97%
Panamá
97%
Filipinas
95%
Costa Rica
94%
El Salvador
94%
Guatemala
94%
Guyana
94%
Honduras
94%
Nicaragua
94%
República Dominicana
94%
Belice
90%
Bahamas
85%
Guinea Ecuatorial
82%
Estados Federados de Micronesia
74%
Trinidad y Tobago
67%
Nauru
64%
Palaos
64%
Islas Marshall
63%
Reino Unido
62%
Canadá
54%
No se encontraron pruebas coincidentes
Distribución de puntuación
Porcentaje de gente con cada puntuación
Porcentaje por número respondido
Historial de tus puntuaciones
No has intentado esta prueba.